00560nam a22001817a 450000500170000001000140001702000260003103500130005703700150007008200060008524501270009126000380021827000420025630000240029870000160032270000270033871000130036520170928154619.0 a1718EN-30 a9788125060741c350.00 aEN-98870 adplbUppal aS aVegetarians only :bstories of telgu muslims /cedited by Suneetha [and] Uma Maheshwari Bhrugubana ; tranclted by Skybaaba aNew DelhibOrient BlackSwanc2016 a1/24,Asaf Ali RoadbNew Delhie110002 aix,140p.c21cm(pbk) aSuneetha A. aMaheshwari Bhrugubanda aSkybaaba